000 00469nam a2200193Ia 4500
005 20221130145058.0
008 131103s9999 xx 000 0 und d
040 _aLoreto College
041 _aEnglish
082 _a821.91
_bELI
100 _aEliot,T.S.
245 _aFour Quartets
_cT.S.Eliot
260 _aLondon
_bFaber
_c1959
300 _a44 p.
650 _aEnglish Poetry
651 _aEliot,T.S. - Poems - Four Quartets
850 _aLCLIB
942 _cBK
999 _c3631
_d54110